Radiografía de la Pampa

Saved in:
Bibliografiske detaljer
Hovedforfatter: Martínez Estrada, Ezequiel (autor)
Format: Bog
Sprog:spansk
Udgivet: Buenos Aires Losada S. A 1961
Udgivelse:5a. ed
Serier:Cristal del Tiempo
Fag:
Tags: Tilføj Tag
Ingen Tags, Vær først til at tagge denne postø!

MARC

LEADER 00000cam a2200000 a 4500
001 UCC7519
003 CL-VaPUC
008 190409e19610000ag |||||||||||||||||spa|d
082 0 4 |a Ar864  |b MAR  |2 21 
100 |a Martínez Estrada, Ezequiel  |e autor  |9 534487 
245 1 0 |a Radiografía de la Pampa 
250 |a 5a. ed 
300 |a 350 p 
942 |c BK 
945 |d 20190409 14:28:00  |a dcastane 
260 |a Buenos Aires  |b Losada S. A  |c 1961 
650 0 |a Ensayos argentinos  |9 269128 
650 0 |a Literatura argentina  |9 320596 
583 |a last modification  |c 20190409 14:28:00  |k Rodrigo Vera 
490 0 |a Cristal del Tiempo 
999 |c 374139  |d 374137 
952 |0 0  |1 0  |3 erb  |4 0  |6 AR_864_000000000000000_MAR_1961  |7 0  |8 X  |9 492561  |a FDOBUD  |b FDOBUD  |i 5541972  |o Ar864 MAR 1961  |p 5541972  |r 2019-11-24  |w 2019-11-24  |y BK_X  |z Catalogado en:20190409  |k BUD